| 000 | 01012njm a2200325 c 4500 | ||
|---|---|---|---|
| 003 | BLK | ||
| 005 | 20191216162541.0 | ||
| 008 | 180410b bul||n||s|||||||| n|bulo| | ||
| 010 | _aCDD00002465000 | ||
| 040 | _aBLK | ||
| 041 |
_aENG _cENG |
||
| 080 |
_aАнглийски език _b811.111 _x(075.4.086) _z811.111(075.4.086) |
||
| 100 | 1 |
_aThotburn, Jan _eпърви автор _926225 |
|
| 139 |
_aThotburn, Jan _bT 48 |
||
| 245 | 1 | 0 |
_aA New Zealand adventure [CD аудио] _cJan Thotburn. |
| 257 | _aGBR | ||
| 260 |
_аHarlow _bPearson Education _c2006 |
||
| 300 | _c12 cm | ||
| 380 | _a80 | ||
| 490 | 1 | _aPenguin Readers | |
| 590 | _aS.N: 75742 от КНИГИ | ||
| 650 | 4 |
_aАнглийски език - текстове, адаптирани _9241528 |
|
| 653 | _aанглийски език | ||
| 653 | _aадаптирани книги | ||
| 852 |
_aЦб CD 1259 _p0 |
||
| 856 | 4 |
_qpdf _u |
|
| 856 | 4 |
_qpdf _u |
|
| 942 |
_cCDD _n0 _01 |
||
| 944 |
_aCR _c15.06.2007 _kТеодора_Стоянова |
||
| 944 |
_aED _c22.11.2007 _k |
||
| 999 |
_c220022 _d220022 |
||